000 00541nam a2200193Ia 4500
005 20250326143039.0
008 250326s9999 xx 000 0 und d
037 _aTextbook
040 _aFMSL
_beng
_cFMSL
041 _aeng
_2eng
084 _aX:51.44y7 P0;4
_qFMSL
100 _aNeelamegham S
245 0 _aMarketing in India:Cases and Reading
_cNeelamegham S
250 _a3th
260 _aNew Delhi
_bNew Delhi, Vikas Pub.
_c2000
300 _axix,506
942 _cTB
_hX:51.44y7 P0;4
999 _c1297868
_d1297868